Регионална библиотека "Любен Каравелов" - Русе

Цейлон (Запис номер 184122)

MARC детайли
000 -Лидер
Контролно поле с фиксирана дължина 01404nam a2200337 c 4500
003 - Код на организацията, давaща контролен номер
Контролно поле BLK
005 - Дата и час на последна редакция
Контролно поле 20180422115328.0
008 - Елементи от данни с фиксирана дължина
fixed length control field 180411b bul|||||r ||||||| ||bul||
010 ## - Наследен системен номер
LC control number KNG00193074000
040 ## - Източник на каталожния запис
Идентификатор на билиотеката - собственик на записа BLK
041 ## - Код за език
Код за езика на текст/звукозапис или на отделно заглавие Български
Код за езика КДБФ Български
080 ## - УДК
Текстов определител УДК Социография. Социално положение. Условия на политическия и социалния живот. Социално и социално-икономическо положение на отделните страни, народи, раси. Социална география. (Общи въпроси)
УДК код - определител по УДК 308
УДК определител (548.7)
УДК - код + определител 308(548.7)
100 1# - Редна дума - Автор
Автор Динев, Любомир
Авторска отговорност първи автор
R(LIN) 377732
139 ## - Редно поле
Редна дума Динев, Любомир
Авторски знак Дин - Д 62
245 10 - Сведения за заглавието
Заглавие Цейлон
Подзаглавни данни Полит. - геогр. очерк
Редно поле (дума) Любомир Динев.
257 ## - Страна на издаване
Страна на създаване/издаване България
260 ## - Област на издателските данни
-- София
Име на издателя, разпространителя и проч. НС ОФ
Година на издаване 1962
300 ## - Физическа характеристика
Страници 56 с.
Илюстрации и др. с ил.
Размери/Мащаб 25 см
380 ## - Жанр
Жанр География
490 1# - СЕРИИ (Колекции)
Име на серия Поредица Пред новата карта на света
№: серия 1962, 8
650 #4 - Допълнително описание по предмет – тема
Основно описание – тема или топоним Шри Ланка
9 (RLIN) 179808
651 #4 - Допълнително описание по предмет - топоним
Географско понятие Шри Ланка
9 (RLIN) 179808
651 #4 - Допълнително описание по предмет - топоним
Географско понятие Цейлон
9 (RLIN) 179759
653 ## - Ключова дума – ненормативна
Ключова дума Шри Ланка
653 ## - Ключова дума – ненормативна
Ключова дума Цейлон
852 ## - Местоположение
Форматна сигнатура Цб 24851
856 4# - Електронен адрес и достъп
Електронен формат pdf - файл
Път до файла /url/
856 4# - Електронен адрес и достъп
Електронен формат pdf - файл
Път до файла /url/
942 ## - АРТИКУЛИ
Вид на библиотечния материал Книги
Скрит в OPAC Не
944 ## - СЪЗДАВАНЕ И РЕДАКЦИЯ на ЗАПИСА
Създаване/Редакция Създаване
Дата на регистрацията/редакция 14.10.2016
Служител, извършил регистрацията/редакцията Теодора_Стоянова
944 ## - СЪЗДАВАНЕ И РЕДАКЦИЯ на ЗАПИСА
Създаване/Редакция Редакция
Дата на регистрацията/редакция 14.10.2016
Служител, извършил регистрацията/редакцията Теодора_Стоянова
999 ## - СИСТЕМНИ КОНТРОЛНИ НОМЕРА
Koha biblionumber 184122
Koha biblioitemnumber 184122
Наличности
Код за отписване Код за изгубен артикул Източник на класификационната схема Код за повреда Коз за рестрикции Код за отдаване Артикулен № Име на библиотеката - собственик Име на библиотеката, в която се намира в момента Статус (Текущо местоположение) Дата на вписване в системата Местоположение - отдел Цена в лева Инвентарен номер Систематично азбучна сигнатура Баркод Номер на екземпляра Цена в евро Служебна бележка Служебен тип на артикула
  Не е изгубен Universal Decimal Classification Не е повреден без рестрикции ползва се в читалня 317962 Регионална библиотека "Любен Каравелов" Русе Регионална библиотека "Любен Каравелов" Русе Хранилище 1962-01-01 Хранилище 0.15 20120/62 Цб 24851 900000090207 1 0.08 Вид: Сф Дата: 01.01.1962 Книги
Изтеглен Не е изгубен Universal Decimal Classification Не е повреден без рестрикции заемане за дома 317963 Регионална библиотека "Любен Каравелов" Русе Регионална библиотека "Любен Каравелов" Русе Заемна - подръчен фонд 1962-01-01 Заемна - подръчен фонд 0.00 19627/62 П 308(5)/Д 62 19627/62 2 0.00 Вид: Сф Дата: 01.01.1962 Книги
Изтеглен Не е изгубен Universal Decimal Classification Не е повреден без рестрикции заемане за дома 317964 Регионална библиотека "Любен Каравелов" Русе Регионална библиотека "Любен Каравелов" Русе Заемна - подръчен фонд 1962-01-01 Заемна - подръчен фонд 0.00 19628/62 П 308(5)/Д 62 19628/62 3 0.00 Вид: Сф Дата: 01.01.1962 Книги
Изтеглен Не е изгубен Universal Decimal Classification Не е повреден без рестрикции заемане за дома 317965 Регионална библиотека "Любен Каравелов" Русе Регионална библиотека "Любен Каравелов" Русе Заемна - подръчен фонд 1962-01-01 Заемна - подръчен фонд 0.00 19629/62 П 308(5)/Д 62 19629/62 4 0.00 Вид: Сф Дата: 01.01.1962 Книги
Vip Innovations Ltd, Rousse, Bulgaria 2025